01218cam a22002655a 45000010009000000050017000090080041000260200018000670400076000850820021001611100140001822450123003222600080004453000035005255000024005605040031005846500049006156500028006646500037006926510010007296530034007399420021007739990017007949520141008111804857720151029141153.0140226s2012 ts a frb i001 0 eng d a9789948145240 aNNUbengcN15dOCLCOdYDXCPdNGUdCDXdOCLCFdDLCdEG-ScBUE dEG-ScBUE 04a333.794bGLO2222 aEmirates Center for Strategic Studies and Research.bAnnual Energy Conferencen(17th :d2011 :cAbu Dhabi, United Arab Emirates)93860710aGlobal energy markets :bchanges in the strategic landscape /cthe Emirates Centre for Strategic Studies and Research. aAbu Dhabi :bThe Emirates Centre for Strategic Studies and Research,c2012. axxiv, 423 p. :bill. ;c24 cm. aIndex : p. 405-423. aBibliography : p. 343-404. 0aEnergy consumptionxEconomic aspects.2BUEsh 0aPower resources.2BUEsh 0aRenewable energy sources.2BUEsh 2BUEsh bBUSECOcJune2015cOctober2015 2ddck333.794 GLO c19699d19671 00102ddc40708AlahramaMAINbMAINc1STd2015-06-16ePurchaseg264.00h315l0o333.794 GLOp000038565r2025-07-15 00:00:00v330.00yBB